Boundary value problems of heat conduction / (Record no. 77407)
[ view plain ]
| 000 -LEADER | |
|---|---|
| fixed length control field | 00945pam a2200217 a 4500 |
| 008 - FIXED-LENGTH DATA ELEMENTS--GENERAL INFORMATION | |
| fixed length control field | 890315t19891968nyua b 001 0 eng |
| 020 ## - INTERNATIONAL STANDARD BOOK NUMBER | |
| International Standard Book Number | 0486659909 |
| Terms of availability | $11.95 |
| 020 ## - INTERNATIONAL STANDARD BOOK NUMBER | |
| International Standard Book Number | 9780486659909 |
| 040 ## - CATALOGING SOURCE | |
| -- | DLC |
| -- | DLC |
| -- | DLC |
| 082 00 - DEWEY DECIMAL CLASSIFICATION NUMBER | |
| Classification number | 536.23 |
| Edition number | 20 |
| 100 1# - MAIN ENTRY--PERSONAL NAME | |
| Personal name | Özıșık, M. Necati. |
| 245 10 - TITLE STATEMENT | |
| Title | Boundary value problems of heat conduction / |
| Statement of responsibility, etc. | M. Necati Özıșık. |
| 260 ## - PUBLICATION, DISTRIBUTION, ETC. | |
| Place of publication, distribution, etc. | New York : |
| Name of publisher, distributor, etc. | Dover Publications, |
| Date of publication, distribution, etc. | 2013, c1968. |
| 300 ## - PHYSICAL DESCRIPTION | |
| Extent | viii, 504 p. : |
| Other physical details | ill. ; |
| Dimensions | 22 cm. |
| 500 ## - GENERAL NOTE | |
| General note | "An unabridged, corrected republication of the work first published by the International Textbook Company, Scranton, Pa., 1968, in the series 'International textbooks in mechanical engineering'"--T.p. verso. |
| 504 ## - BIBLIOGRAPHY, ETC. NOTE | |
| Bibliography, etc. note | Includes bibliographies and index. |
| 650 #0 - SUBJECT ADDED ENTRY--TOPICAL TERM | |
| Topical term or geographic name entry element | Heat |
| General subdivision | Conduction. |
| 650 #0 - SUBJECT ADDED ENTRY--TOPICAL TERM | |
| Topical term or geographic name entry element | Boundary value problems. |
| 9 (RLIN) | 7226 |
| 856 42 - ELECTRONIC LOCATION AND ACCESS | |
| Materials specified | Publisher description |
| Uniform Resource Identifier | <a href="http://www.loc.gov/catdir/enhancements/fy1310/89001460-d.html">http://www.loc.gov/catdir/enhancements/fy1310/89001460-d.html</a> |
| 942 ## - ADDED ENTRY ELEMENTS (KOHA) | |
| Source of classification or shelving scheme | Dewey Decimal Classification |
| Koha item type | General Collections |
| Withdrawn status | Lost status | Source of classification or shelving scheme | Damaged status | Not for loan | Home library | Current library | Shelving location | Date acquired | Total Checkouts | Full call number | Barcode | Date last seen | Date last checked out | Price effective from | Koha item type |
|---|---|---|---|---|---|---|---|---|---|---|---|---|---|---|---|
| Dewey Decimal Classification | Tribhuvan University Central Library | Tribhuvan University Central Library | New Building | 02/16/2016 | 1 | 536.23 | 151681 | 08/11/2017 | 07/24/2017 | 02/16/2016 | General Collections |
